00387nam a2200157Ia 45000010006000000050017000060080041000230410008000640820016000721000031000882450057001192600009001763000028001856500008002136540008002211322320260306163038.0260306t2018||||xx |||||||||||||| ||spa|| aESP a001.42bC48 aCerna Cabrera, CorpuseAUT 0aInvestigación científica:bmétodo y técnicas c2018 a117 páginas :c21 cm. aGEN aCHU